Artificial Neural Networks for Intelligent Manufacturing (Record no. 327214)

000 -LEADER
fixed length control field 00367 a2200145 4500
001 - CONTROL NUMBER
control field 92141
082 ## - DEWEY DECIMAL CLASSIFICATION NUMBER
Classification number 670.28563 DAG
090 ## - LOCALLY ASSIGNED LC-TYPE CALL NUMBER (OCLC); LOCAL CALL NUMBER (RLIN)
-- 44102
-- 44101
100 ## - MAIN ENTRY--PERSONAL NAME
Personal name Cihan H Dagli
245 ## - TITLE STATEMENT
Title Artificial Neural Networks for Intelligent Manufacturing
250 ## - EDITION STATEMENT
Edition statement 1
260 ## - PUBLICATION, DISTRIBUTION, ETC.
Place of publication, distribution, etc. UK
Name of publisher, distributor, etc. Chapman and Hall
Date of publication, distribution, etc. 1994
300 ## - PHYSICAL DESCRIPTION
Extent xvi, 469p.
Other physical details Hb
500 ## - GENERAL NOTE
General note General Book
942 ## - ADDED ENTRY ELEMENTS (KOHA)
Institution code [OBSOLETE] CAE NUST
Call number prefix 670.28563 DAG
Holdings
Withdrawn status Lost status Damaged status Not for loan Collection code Permanent Location Current Location Date acquired Total Checkouts Full call number Barcode Date last seen Price effective from Koha item type
          College of Aeronautical Engineering (CAE) College of Aeronautical Engineering (CAE) 04/03/2017   670.28563 DAG CAEG-9931 04/05/2017 04/05/2017 Book
© 2023 Central Library, National University of Sciences and Technology. All Rights Reserved.